Normal view MARC view
  • Carpo M

Entry Personal Name

Number of records used in: 1

001 - CONTROL NUMBER

  • control field: 216109

003 - CONTROL NUMBER IDENTIFIER

  • control field: OSt

005 - DATE AND TIME OF LATEST TRANSACTION

  • control field: 20251229151855.0

008 - FIXED-LENGTH DATA ELEMENTS

  • fixed length control field: 251229|| aca||aabn | a|a d

040 ## - CATALOGING SOURCE

  • Original cataloging agency: OSt
  • Transcribing agency: OSt

100 ## - HEADING--PERSONAL NAME

  • Personal name: Carpo M

670 ## - SOURCE DATA FOUND

  • Source citation: Work cat.: (OSt)369632: Carpo M, Beyond Digital:Design And Automation at The End Of Modernity, 2023